[Event "Oberjoch op"]
[Site "Oberjoch"]
[Date "2002.??.??"]
[Round "7"]
[White "Johannsen, Torsten"]
[Black "Wempe, Juergen"]
[Result "1/2-1/2"]
[WhiteElo "2017"]
[BlackElo "2167"]
[PlyCount "37"]
[EventDate "2002.??.??"]
[EventType "swiss"]
[EventRounds "9"]
[EventCountry "GER"]
[SourceTitle "EXT 2004"]
[Source "ChessBase"]
[SourceDate "2003.11.25"]
[SourceVersion "1"]
[SourceVersionDate "2003.11.25"]
[SourceQuality "1"]

1. c4 f5 2. Nc3 Nf6 3. g3 e6 4. Bg2 Be7 5. d4 0-0 6. Nf3 d6 7. 0-0 Qe8 8. Qc2 Qg6 9. Bg5 Nc6 10. Bxf6 Bxf6 11. e3 Bd7 12. Rac1 Rae8 13. Rfd1 Qh5 14. d5 Ne7 15. dxe6 Bxe6 16. Nb5 Bf7 17. b3 a6 18. Nbd4 Kh8 19. Qd2 1/2-1/2